书目信息 |
| 题名: |
大学生职业规划与就业指导
|
|
| 作者: | 宋剑涛 , 云萧 , 杨国富 编著 | |
| 分册: | ||
| 出版信息: | 成都 西南财经大学出版社 2008.09 |
|
| 页数: | 277页 | |
| 开本: | 23cm | |
| 丛书名: | ||
| 单 册: | ||
| 中图分类: | G647.38 | |
| 科图分类: | ||
| 主题词: | 大学生--da xue sheng--职业选择--高等学校--教材 | |
| 电子资源: | ||
| ISBN: | 978-7-81138-050-7 | |
| 000 | 01017nam0 2200277 450 | |
| 001 | 012009289937 | |
| 005 | 20090420141543.57 | |
| 010 | @a978-7-81138-050-7@dCNY32.00 | |
| 100 | @a20090420d2008 em y0chi0120 ea | |
| 101 | 0 | @achi |
| 102 | @aCN@b510000 | |
| 105 | @ay a 000yy | |
| 106 | @ar | |
| 200 | 1 | @a大学生职业规划与就业指导@Ada xue sheng zhi ye gui hua yu jiu ye zhi dao@f宋剑涛 ... [等] 编著@Fsong jian tao...[deng]bian zhu |
| 210 | @a成都@c西南财经大学出版社@d2008.09 | |
| 215 | @a277页@d23cm | |
| 304 | @a题名页题 :宋剑涛, 云萧, 杨国富, 石江华编著 | |
| 320 | @a有书目 (第276-277页) | |
| 330 | @a本书主要主要内容包括:职业规划生涯规划,大学生必须规划职业生涯,职业生涯规划的要素与原则,职业生涯规划的步骤与方法等。 | |
| 606 | 0 | @a大学生@Ada xue sheng@x职业选择@x高等学校@j教材 |
| 690 | @aG647.38@v4 | |
| 701 | 0 | @a宋剑涛@Asong jian tao@4编著 |
| 701 | 0 | @a云萧@Ayun xiao@4编著 |
| 701 | 0 | @a杨国富@Ayang guo fu@4编著 |
| 801 | 0 | @aCN@bQSSK@c20090420 |
| 905 | @b737846-48@dG647.38@eS768@f3 | |
| 大学生职业规划与就业指导/宋剑涛 ... [等] 编著.-成都:西南财经大学出版社,2008.09 |
| 277页;23cm |
| ISBN 978-7-81138-050-7:CNY32.00 |
| 本书主要主要内容包括:职业规划生涯规划,大学生必须规划职业生涯,职业生涯规划的要素与原则,职业生涯规划的步骤与方法等。 |
| ● |
| 相关链接 |
|
|
|
正题名:大学生职业规划与就业指导
索取号:G647.38/S768
 
预约/预借
| 序号 | 登录号 | 条形码 | 馆藏地/架位号 | 状态 | 备注 |
| 1 | 737846 | 207378461 | 社科库409/409社科库 13排4列5层/ [索取号:G647.38/S768] | 在馆 | |
| 2 | 737847 | 207378470 | 社科二线422/409社科库 13排4列5层/ [索取号:G647.38/S768] | 在馆 | |
| 3 | 737848 | 207378489 | 社科二线422/409社科库 13排4列5层/ [索取号:G647.38/S768] | 在馆 |